Antiguos monstruos /

Gigantes, dragones, centauros, sirenas, héroes legendarios -malvados o justicieros-, reyes y dioses, alternan en estos relatos protagonizando distintos episodios en lejanas y misteriosas tierras, en el mar, en mágicos bosques de cedros, en la selva africana...En fin, aventura y fantasía de la primer...

Descripción completa

Guardado en:
Autor Principal: Méndez, Mario.
Otros Autores: Vargas, Mauro ; il.
Formato: Libro
Idioma:Undetermined
Publicado: Buenos Aires : Del Naranjo, 2014.
Edición:1a ed.
Series:Sub 20
Materias:
Etiquetas: Agregar Etiqueta
Sin Etiquetas, Sea el primero en etiquetar este registro!
LEADER 01154nam a22002415a 4500
001 CEM.cems020313
008 230807s2014####ag############000#0#und#d
005 20230807151405.0
245 1 0 |a Antiguos monstruos /  |c Mario Méndez ; ilustrado por Mauro Vargas. 
250 |a 1a ed. 
260 |a Buenos Aires :  |b Del Naranjo,  |c 2014. 
300 |a 64 p. 
490 1 |a Sub 20 
520 |a Gigantes, dragones, centauros, sirenas, héroes legendarios -malvados o justicieros-, reyes y dioses, alternan en estos relatos protagonizando distintos episodios en lejanas y misteriosas tierras, en el mar, en mágicos bosques de cedros, en la selva africana...En fin, aventura y fantasía de la primera a la última página. 
505 0 |a Las historias de Anansi -- La muerte de Khumbaba -- La memoria de Argos -- Mitad y mitad -- La caída -- La batalla perdida 
020 |a 9789871343898 
100 1 |a Méndez, Mario. 
700 1 |a Vargas, Mauro ; il. 
653 |a Literatura infantil y juvenil 
653 |a Literatura argentina 
653 |a Narrativa argentina 
653 |a Mitos y leyendas 
859 |a CEMS  |b BIB. CEMS - Inicial y Primaria  |h 398.2  |i M522-4  |k IP  |p 6191  |t Ej.1